List of Furry Species - Statistics

General Stats
  • This quiz has been taken 185 times
  • The average score is 20 of 115
Answer Stats
Code Species % Correct
FCW Wolf
90%
FCF Fox
81%
FFL Lion
72%
FFT Tiger
64%
FDD Dragon
62%
FFP Leopard / Panther
50%
FEH Horse
49%
FArD Deer
41%
FFH Cheetah
37%
FRR Rat
37%
FDL Lizard
36%
FDS Snake
36%
FHyH Hyena
35%
FAE Eagle
34%
FRM Mouse
34%
FArP Pig
34%
FArS Sheep
33%
FUP Giant panda
32%
FArF Giraffe
31%
FUA Polar bear
31%
FLR Rabbit
30%
FEZ Zebra
30%
FMaK Kangaroo
29%
FFX Lynx
29%
FPR Raccoon
29%
FDA Alligator / Crocodile
27%
FCC Coyote
27%
FArG Goat
27%
FUG Grizzly bear / brown bear
27%
FFJ Jaguar
27%
FED Donkey
26%
FAO Owl
25%
FMO Otter
24%
FAD Duck
22%
FFM Puma / Cougar / Mountain lion
22%
FMS Skunk
22%
FCtD Dolphin
20%
FAH Hawk
20%
FDT Turtle / Tortoise
20%
FUB Black bear
19%
FArM Moose
19%
FAR Raven
19%
FCD Dingo
17%
FMB Badger
15%
FAF Falcon
15%
FCJ Jackal
15%
FMaO Koala
15%
FFO Ocelot
15%
FArR Reindeer
15%
FPiS Seal
15%
FFS Snow Leopard
15%
FCA Arctic Fox
14%
FArE Camel
14%
FMF Ferret
14%
FIH Hedgehog
14%
FFB Bobcat
13%
FArZ Gazelle
13%
FMaP Possum
13%
FArA Antelope
12%
FCX Maned wolf
12%
FEdA Anteater
11%
FRB Beaver
10%
FFD Domestic cat
10%
FLH Hare
10%
FPrL Lemur
10%
FMoP Platypus
10%
FIM Mole
9%
FEdS Sloth
9%
FMW Weasel
9%
FArB Buffalo
8%
FArC Cattle
8%
FME Ermine / Stoat
8%
FXG Gryphon
8%
FArL Llama
8%
FHK Meerkat
8%
FMK Mink
8%
FRP Porcupine
8%
FFV Serval
8%
FPiW Walrus
8%
FChF Flying fox / Fruit bat
7%
FPiL Sea lion
7%
FAS Sparrow
7%
FMV Wolverine
7%
FMaB Wombat
7%
FAA Albatross
6%
FEdR Armadillo
6%
FAG Seagull
6%
FMaT Tasmanian devil
6%
FMaW Wallaby
6%
FAK Kiwi
5%
FMR Ratel / Honey badger
5%
FArW Warthog
5%
FFW Wild cat
5%
FCeH Centaur
4%
FChV Vampire bat
4%
FArN Gnu
3%
FMM Marten
3%
FXM Mermaid / Merman
3%
FHM Mongoose
3%
FMP Polecat
3%
FAW Wren
3%
FCM Domestic mutt
2%
FDK Carnosaur
1%
FVC Civet
1%
FFC Cloud leopard
1%
FDC Coelurosaur
1%
FXH Hippogriff
1%
FLJ Jackrabbit
1%
FXC Manticore
1%
FRU Muskrat
1%
FMA Sable
1%
FCeZ Zebra-centaur
1%
FXA Gargoyle
0%
FRG Grey squirrel
0%
FRS Red squirrel
0%
No matching quizzes found
Score Distribution
Percent of People with Each Score
Percentile by Number Answered
Your Score History
You have not taken this quiz